|
|
|
|
| LEADER |
00733cam a2200205 7i4500 |
| 001 |
0000129454 |
| 005 |
20231220090000.0 |
| 008 |
231220t20122012my # ### #00001eng## |
| 040 |
# |
# |
|a UMT
|b eng
|c UMT
|e rda
|
| 090 |
0 |
0 |
|a BP 187.4
|b .O5 2012
|
| 245 |
0 |
0 |
|a One Kaabah, two mosques and the quest for sustainability
|c Universiti Sains Malaysia.
|
| 264 |
# |
1 |
|a Pulau Pinang:
|b Universiti Sains Malaysia,
|c 2012
|
| 264 |
# |
4 |
|c ♭2012
|
| 300 |
# |
# |
|a 76 pages:
|b colours, illustrations;
|c 26 cm
|
| 336 |
# |
# |
|a text --
|2 rdacontent
|
| 337 |
# |
# |
|a unmediated --
|2 rdamedia
|
| 338 |
# |
# |
|a volume --
|2 rdacarrier
|
| 590 |
# |
# |
|a Perpustakaan Sultanah Nur Zahirah
|
| 650 |
0 |
0 |
|a Ka'bah (Mecca, Saudi Arabia)
|
| 999 |
|
|
|a 1100099820
|b Book
|c Open Shelf
|e KOLEKSI TERBUKA
|